Norwich City (2010–2019) Players By Picture #1 - Statistics

General Stats
  • This quiz has been taken 20 times
    12 since last reset
  • The average score is 10 of 20
Answer Stats
Picture Answer % Correct
Onel Hernández
89%
Bradley Johnson
78%
Jamal Lewis
78%
Kenny McLean
78%
Nathan Redmond
78%
Fraser Forster
67%
Russell Martin
67%
Christoph Zimmermann
56%
Lewis Grabban
56%
Robbie Brady
56%
Declan Rudd
44%
Graham Dorrans
44%
Tom Trybull
44%
Adam Drury
33%
Ritchie De Laet
33%
Aaron Wilbraham
22%
Jamar Loza
22%
Javier Garrido
22%
Michael Nelson
22%
Tony Andreu
22%
No matching quizzes found
Score Distribution
Percent of People with Each Score
Percentile by Number Answered
Your Score History
You have not taken this quiz since the last reset